| 000 | 01216nas a2200361 c 4500 | ||
|---|---|---|---|
| 001 | 25181 | ||
| 003 | ES-MaCES | ||
| 005 | 20161020113743.0 | ||
| 008 | 931220d1900 sp x| | 0spa d | ||
| 035 |
_aCES19980001618p _z10164 |
||
| 040 |
_aES-MaCES _bspa _cES-MaCES |
||
| 245 | 0 | 0 |
_aBoletín informativo CEPES _cComité Español Permanente de Economía Social |
| 246 | 1 | 3 | _aES |
| 260 |
_a[Madrid (Vallehermoso, 15, 28015)] _b[CEPES] |
||
| 300 |
_av. _c30 cm |
||
| 310 | _aIrregular | ||
| 500 | _aContinuada por: CEPES noticias | ||
| 500 | _aDescripción basada en: n. 4 (nov. 1993) | ||
| 500 | _aTít. tomado de la cub | ||
| 541 | _cGratuito | ||
| 650 | 4 |
_aorganización sin fines de lucro _927312 |
|
| 650 | 4 |
_amutualidad _930256 |
|
| 650 | 4 |
_acooperativa _927136 |
|
| 650 | 4 |
_aeconomía social _930379 |
|
| 653 | 1 | 0 | _aEconomía |
| 710 | 2 |
_aComité Español Permanente de la Economía Social _92199 |
|
| 785 | 0 | 0 |
_tCEPES noticias Confederación Empresarial Española de la Economía Social _w(ES-MaCES)25528 |
| 866 | 0 |
_a1993. _zUbicación: DEPÓSITO - 10164 |
|
| 905 |
_1Boletín A _p+ |
||
| 942 |
_2CES _cCR _h0.0. |
||
| 999 |
_c25181 _d25181 |
||